[Event "AUTO-INT-155"]
[Site "http://www.queenalice.com/game.php?id=137484"]
[Date "2006.12.5"]
[Round "2"]
[White "mvj01"]
[Black "XequeChaMate"]
[Result "1-0"]
[WhiteElo "1659"]
[BlackElo "1701"]

1. d4 e6 2. Nf3 Nf6 3. Bf4 d5 4. Nc3 c5 5. e3 Nc6 6. Nb5 e5 7. Bxe5 Nxe5 8. dxe5
Ne4 9. c3 a6 10. Na3 Be6 11. Bd3 c4 12. Bxe4 dxe4 13. Nd4 Bxa3 14. bxa3 Qa5 15.
O-O Qxc3 16. Qh5 O-O 17. Rab1 1-0

[Event "AUTO-INT-155"]
[Site "http://www.queenalice.com/game.php?id=137485"]
[Date "2006.12.5"]
[Round "2"]
[White "XequeChaMate"]
[Black "mvj01"]
[Result "0-1"]
[WhiteElo "1720"]
[BlackElo "1640"]

1. d4 Nf6 2. c4 d5 3. Nc3 a6 4. e3 Bf5 5. Nf3 c6 6. Be2 e6 7. Nh4 g6 8. Qb3 Qc7
9. Nxf5 exf5 10. cxd5 Bd6 11. dxc6 Nxc6 12. Bf3 O-O 13. Nd5 Nxd5 14. Bxd5 Rae8
15. Bd2 Nxd4 16. Qxb7 Nc2+ 0-1

[Event "AUTO-INT-155"]
[Site "http://www.queenalice.com/game.php?id=137486"]
[Date "2006.12.5"]
[Round "2"]
[White "mvj01"]
[Black "Barabba"]
[Result "0-1"]
[WhiteElo "1662"]
[BlackElo "2028"]

1. d4 Nf6 2. Nf3 e6 3. Bf4 b6 4. g3 Bb7 5. Bg2 Be7 6. O-O O-O 7. c4 d5 8. Nc3
dxc4 9. Qc2 c5 10. Nb5 Nbd7 11. Rad1 a6 12. Nd6 Bxf3 13. Bxf3 Nd5 14. Be4 Nxf4
15. gxf4 Bxd6 16. Bxa8 Bxf4 17. e3 Bxh2+ 18. Kxh2 Qh4+ 19. Kg2 Qg4+ 20. Kh2 Rxa8
21. Rg1 Qh4+ 22. Kg2 b5 23. Rh1 Qg5+ 24. Kf1 Nf6 25. Ke2 Qg4+ 26. Kd2 cxd4 27.
Rdg1 d3 28. Qd1 Ne4+ 29. Kc1 Qxd1+ 30. Kxd1 Nxf2+ 31. Kd2 Nxh1 32. Rxh1 g5 33.
Kc3 Rd8 34. b3 d2 35. Rd1 cxb3 36. Kxb3 Kg7 37. Kb4 Rd3 38. Ka5 Ra3+ 0-1

[Event "AUTO-INT-155"]
[Site "http://www.queenalice.com/game.php?id=137487"]
[Date "2006.12.5"]
[Round "2"]
[White "Barabba"]
[Black "mvj01"]
[Result "1-0"]
[WhiteElo "2013"]
[BlackElo "1677"]

1. d4 Nf6 2. Nc3 e6 3. e4 c6 4. Nf3 d5 5. e5 Nfd7 6. Ne2 c5 7. c3 cxd4 8. cxd4
Bb4+ 9. Bd2 Bxd2+ 10. Qxd2 Nc6 11. Nc3 Ne7 12. Bd3 b6 13. Rc1 O-O 14. Nb5 Ba6
15. O-O Nf5 16. Rfe1 Bxb5 17. Bxb5 a6 18. Bd3 Nh4 19. Qf4 Nxf3+ 20. Qxf3 Qg5 21.
Rc7 Rfd8 22. Rec1 Nf8 23. h4 Qh6 24. Qxf7+ Kh8 25. R1c6 b5 26. g3 Re8 27. Kg2
Reb8 28. g4 Ng6 29. Bxg6 hxg6 30. Rxe6 Qh7 31. Qxg6 Qg8 32. Ree7 1-0

[Event "Brazil Open"]
[Site "http://www.queenalice.com/game.php?id=162608"]
[Date "2007.2.2"]
[Round "2"]
[White "Lukius"]
[Black "mvj01"]
[Result "1-0"]
[WhiteElo "2378"]
[BlackElo "1654"]

1. e4 e5 2. Nf3 Nc6 3. Bb5 d6 4. d4 Bd7 5. Nc3 Nf6 6. O-O a6 7. Bxc6 bxc6 8.
dxe5 dxe5 9. Nxe5 Bd6 10. Nf3 O-O 11. e5 Bxe5 12. Nxe5 Re8 13. Bf4 Bf5 14. Qxd8
Rexd8 15. Nxc6 Re8 16. Rfe1 Rxe1+ 17. Rxe1 Bxc2 18. Be5 Re8 19. Re2 Bd3 20. Re3
Bf5 21. Bxf6 Rxe3 22. fxe3 1-0

[Event "AUTO-ADV-443"]
[Site "http://www.queenalice.com/game.php?id=185703"]
[Date "2007.3.21"]
[Round "1"]
[White "AndyWo"]
[Black "mvj01"]
[Result "1-0"]
[WhiteElo "2123"]
[BlackElo "1615"]

1. e4 Nc6 2. Nf3 d6 3. d4 Bg4 4. d5 Bxf3 5. Qxf3 Ne5 6. Qb3 b6 7. f4 Ng6 8. Bb5+
Qd7 9. Bxd7+ Kxd7 10. Qa4+ Kc8 11. Qe8+ Kb7 12. Qc6+ Kb8 13. a4 Kc8 14. a5 Rb8
15. Qe8+ Kb7 16. a6+ 1-0

[Event "AUTO-ADV-443"]
[Site "http://www.queenalice.com/game.php?id=185704"]
[Date "2007.3.21"]
[Round "1"]
[White "mvj01"]
[Black "AndyWo"]
[Result "0-1"]
[WhiteElo "1613"]
[BlackElo "2124"]

1. f3 e5 2. Nc3 Nf6 3. d3 d5 4. e4 d4 5. Nce2 Be7 6. f4 O-O 7. Nf3 Nc6 8. fxe5
Ng4 9. Bf4 f5 10. Ng3 fxe4 11. Nxe4 Rxf4 12. Qd2 Ne3 13. c3 Rxf3 14. gxf3 Bh4+
15. Nf2 Nxe5 16. Be2 Bxf2+ 17. Kxf2 Qh4+ 18. Kg1 Qg5+ 0-1

[Event "AUTO-ADV-443"]
[Site "http://www.queenalice.com/game.php?id=185719"]
[Date "2007.3.21"]
[Round "1"]
[White "mvj01"]
[Black "gabrielbrenner"]
[Result "0-1"]
[WhiteElo "1652"]
[BlackElo "1736"]

1. Nf3 Nc6 2. d4 d5 3. Bf4 Nf6 4. e3 a6 5. Bd3 e6 6. O-O Bd6 7. g3 O-O 8. Nbd2
Be7 9. c3 Ng4 10. Qc2 g6 11. c4 Nb4 12. Qc3 c5 13. a3 Nc6 14. Ne5 Ngxe5 15. Bxe5
cxd4 16. exd4 b5 17. cxb5 Nxe5 18. dxe5 axb5 19. Bxb5 Qb6 20. a4 Bb7 21. b3 Rfc8
22. Qb2 Rc7 23. Nf3 Rac8 24. Rfb1 Rc2 25. Qd4 Bc5 26. Qf4 Rxf2 27. Kh1 Be3 28.
Qg4 Rcc2 29. Bd3 d4 30. Be4 Bxe4 31. Qxe4 Qa6 32. b4 Qe2 33. Qa8+ Kg7 0-1

[Event "AUTO-ADV-443"]
[Site "http://www.queenalice.com/game.php?id=185720"]
[Date "2007.3.21"]
[Round "1"]
[White "gabrielbrenner"]
[Black "mvj01"]
[Result "1-0"]
[WhiteElo "1728"]
[BlackElo "1639"]

1. e4 Nc6 2. Nf3 e5 3. Bb5 a6 4. Bxc6 dxc6 5. O-O Bc5 6. d3 Be6 7. Bg5 f6 8. Bh4
Qe7 9. Nxe5 g5 10. Bg3 fxe5 11. Bxe5 Nf6 12. Qf3 Rf8 13. Qe2 Bg4 14. Bxf6 Rxf6
15. Qxg4 Rf4 16. Qe2 O-O-O 17. Nd2 Rg8 18. g3 Rf6 19. Nc4 g4 20. Ne3 h5 21. Nf5
Qe5 22. c3 Bb6 23. d4 Qe6 24. b3 Rxf5 25. Qd3 Rf3 26. Qe2 c5 27. d5 Qe5 28. c4
h4 29. a4 hxg3 30. fxg3 Qc3 31. Rab1 Qe3+ 32. Qxe3 Rxe3 33. Rfe1 Rc3 34. e5 Ba5
35. Re2 Kd7 36. e6+ Kd6 37. Kg2 Bb4 38. Kf2 Rf8+ 39. Kg2 Ke7 40. Rf2 Rff3 41.
Rff1 Rxb3 42. Rxb3 Rxb3 43. Rf7+ Kd8 44. Rf8+ Ke7 45. Rf7+ Ke8 46. Rxc7 Kd8 47.
d6 Rd3 48. e7+ 1-0

[Event "AUTO-ADV-443"]
[Site "http://www.queenalice.com/game.php?id=185721"]
[Date "2007.3.21"]
[Round "1"]
[White "mvj01"]
[Black "alvarogoulart"]
[Result "0-1"]
[WhiteElo "1627"]
[BlackElo "1730"]

1. Nf3 d6 2. d4 Bg4 3. h3 Bxf3 4. exf3 e6 5. Nc3 Nf6 6. Bd3 Be7 7. f4 O-O 8. O-O
Nc6 9. Be3 a6 10. Re1 Nb4 11. Qf3 Nxd3 12. cxd3 c6 13. Ne4 d5 14. Ng3 g6 15. h4
h5 16. Ne2 Ng4 17. g3 Nxe3 18. fxe3 b5 19. e4 Bb4 20. Red1 c5 21. Kh2 cxd4 22.
Nxd4 Rc8 23. e5 Bc5 24. Ne2 Bb6 25. Kh3 Rc2 26. b3 Qa8 27. Qf1 d4 28. Rdc1 Rfc8
29. Rd1 Qd5 30. b4 Rxa2 31. Rxa2 Qxa2 32. Ra1 Qb3 33. Rxa6 Rb8 34. f5 gxf5 35.
Nf4 Qxb4 36. Qf3 Qc5 37. Qxh5 Qxe5 38. Qg5+ Qg7 39. Qe7 Bd8 40. Qd6 Rc8 41. Ra7
e5 42. Ne6 Qg4+ 43. Kh2 Rc2+ 0-1

[Event "AUTO-ADV-443"]
[Site "http://www.queenalice.com/game.php?id=185722"]
[Date "2007.3.21"]
[Round "1"]
[White "alvarogoulart"]
[Black "mvj01"]
[Result "1-0"]
[WhiteElo "1692"]
[BlackElo "1611"]

1. e4 Nc6 2. Bb5 Nd4 3. Bc4 b5 4. Bd3 c5 5. c3 c4 6. Bc2 Bb7 7. cxd4 Qb6 8. Nf3
Nf6 9. O-O e6 10. Nc3 Bb4 11. Ne2 Nxe4 12. a3 Be7 13. Bxe4 Bxe4 14. Ng3 Bd3 15.
Re1 O-O 16. Ne5 Qxd4 17. Nxd3 cxd3 18. Re4 Qc5 19. b4 Qc2 20. Qxc2 dxc2 21. Ra2
Rac8 22. Ne2 d5 23. Rg4 h5 24. Rg3 h4 25. Rc3 e5 26. Raxc2 Rcd8 27. Rc7 Bf6 28.
h3 d4 29. R2c5 a6 30. d3 Rfe8 31. Ra7 e4 32. dxe4 d3 33. Nf4 d2 34. Bxd2 Rxd2
35. Rf5 Rxf2 36. Kxf2 Bd4+ 37. Kf3 Bxa7 38. Rh5 f6 39. Rxh4 g5 40. Rg4 Kf7 41.
Nd5 Rd8 42. h4 Kg6 43. hxg5 fxg5 44. Rg3 Bg1 45. Nf4+ Kh6 46. Nh3 Rd3+ 47. Kg4
Rd1 48. Kf5 Rf1+ 49. Rf3 Rxf3+ 50. gxf3 Be3 51. e5 Kg7 52. Nxg5 Bc1 53. Ne6+ Kg8
54. Nc7 a5 55. bxa5 Bxa3 56. Nxb5 1-0

[Event "Brazil Open"]
[Site "http://www.queenalice.com/game.php?id=194683"]
[Date "2007.4.10"]
[Round "3"]
[White "mvj01"]
[Black "CCapivara"]
[Result "1-0"]
[WhiteElo "1598"]
[BlackElo "1980"]

1. d4 d6 2. Nf3 Nf6 3. Bf4 Bg4 4. h3 Bxf3 5. exf3 Nbd7 6. Bd3 e5 7. Qe2 Qe7 8.
Be3 exd4 9. Bxd4 Qxe2+ 10. Bxe2 Be7 11. O-O O-O 12. Nd2 Rfe8 13. Ne4 h6 14. b3
d5 15. Ng3 c5 16. Bb2 Bd6 17. Bd3 Bxg3 18. fxg3 Ne5 19. Bxe5 Rxe5 20. f4 Re3 21.
Kh2 Rae8 22. Rf3 a6 23. a4 R8e7 24. Rd1 d4 25. Kg1 Nd5 26. f5 Nb4 27. Kf2 Rxf3+
28. gxf3 Nxd3+ 29. Rxd3 Kf8 30. f4 Ke8 31. Kf3 Kd7 32. c3 Kc6 33. cxd4 cxd4 34.
Rxd4 b5 35. axb5+ Kxb5 36. Rd3 Kb4 37. g4 a5 38. h4 Rc7 39. Ke2 Rc3 40. Rd7 Kxb3
41. Rxf7 a4 42. Rxg7 a3 43. Ra7 Rc4 44. Ke3 a2 45. Rxa2 Kxa2 46. f6 Kb3 47. g5
hxg5 48. hxg5 Rc1 49. f7 Rc3+ 50. Ke4 Rc4+ 51. Kf5 Rc5+ 52. Kg4 Rc8 53. g6 Kb4
54. f5 Kb5 55. g7 Rc1 56. g8=Q 1-0

[Event "Challenge"]
[Site "http://www.queenalice.com/game.php?id=229205"]
[Date "2007.6.22"]
[Round "-"]
[White "mvj01"]
[Black "Pato"]
[Result "1/2-1/2"]
[WhiteElo "1628"]
[BlackElo "2036"]

1. d4 Nf6 2. Nf3 g6 3. Bf4 Bg7 4. e3 d6 5. Bd3 O-O 6. O-O Nc6 7. a3 Nh5 8. Re1
Bg4 9. b4 e5 10. Bg5 Qxg5 11. Nxg5 Bxd1 12. Rxd1 exd4 13. e4 h6 14. Nf3 Nf4 15.
Nbd2 Ne5 16. Rab1 Nexd3 17. cxd3 Nxd3 18. Nb3 Nf4 19. Kf1 Rfe8 20. g3 Ne6 21.
Na5 b6 22. Nc6 Ng5 23. Nfxd4 Nxe4 24. Rbc1 a6 25. Nf3 Bb2 26. Rc2 Bxa3 27. Ra1
Bxb4 28. Nxb4 a5 29. Nd5 Ra7 30. Nd4 c5 31. Nc6 Rb7 32. Rb2 Re6 33. Nxa5 Rb8 34.
Nc4 b5 35. Nc7 Rf6 36. Ne3 b4 37. Ng4 Rf3 38. Nxh6+ Kg7 39. Ng4 c4 40. Nd5 b3
41. Re2 f5 42. Ra7+ Kf8 43. Nh6 b2 44. Rf7+ Ke8 45. Nc7+ Kd8 46. Ne6+ Ke8 47.
Rf8+ Ke7 48. Rxb8 c3 49. Nd4 Rd3 50. Ndxf5+ gxf5 51. Nxf5+ Kf6 52. Ne3 Nd2+ 53.
Kg2 Rxe3 54. fxe3 c2 55. Rxb2 c1=Q 56. Rexd2 d5 57. Rf2+ Ke5 58. Rbe2 Qc6 59.
Rc2 Qa8 60. Rce2 d4+ 61. Kg1 d3 62. Ra2 Qc6 63. Ra5+ Ke4 64. h3 Kxe3 65. Raa2
Qc1+ 66. Kh2 Qb1 67. h4 Qe1 68. Rg2 Kf3 69. Kh3 Qh1+ 70. Rh2 Qf1+ 71. Rhg2 Qh1+
72. Rh2 Qf1+ 73. Rhg2 Qh1+ 74. Rh2 Qf1+ 75. Rhg2 1/2-1/2

[Event "AUTO-ADV-566"]
[Site "http://www.queenalice.com/game.php?id=241499"]
[Date "2007.7.17"]
[Round "1"]
[White "Ruan"]
[Black "mvj01"]
[Result "1-0"]
[WhiteElo "1753"]
[BlackElo "1634"]

1. e4 Nc6 2. d4 e6 3. d5 exd5 4. exd5 Nce7 5. d6 cxd6 6. Nc3 Nf6 7. Bg5 g6 8.
Bxf6 Rg8 9. Nb5 Qa5+ 10. Bc3 Qb6 11. Nxd6+ Kd8 12. Nxf7+ Ke8 13. Nd6+ Kd8 14.
Bc4 Bg7 15. Bxg8 Bxc3+ 16. bxc3 Nxg8 17. Nf3 Kc7 18. Ne8+ Kd8 19. Qd5 Ne7 20.
Qf7 d6 21. O-O-O Bd7 22. Rxd6 Qc5 23. Re1 Qa3+ 24. Kb1 1-0

[Event "AUTO-ADV-566"]
[Site "http://www.queenalice.com/game.php?id=241500"]
[Date "2007.7.17"]
[Round "1"]
[White "mvj01"]
[Black "Ruan"]
[Result "0-1"]
[WhiteElo "1619"]
[BlackElo "1865"]

1. d4 Nf6 2. Nf3 e6 3. Nc3 Bb4 4. Bd2 d5 5. e3 O-O 6. Bd3 c5 7. O-O c4 8. Be2
Nc6 9. b3 cxb3 10. axb3 Bd7 11. Nb5 Bxd2 12. Qxd2 a6 13. Na3 Ne4 14. Qe1 f5 15.
c4 Rc8 16. b4 Be8 17. c5 Bh5 18. b5 axb5 19. Nxb5 b6 20. cxb6 Qxb6 21. Rb1 Qd8
22. Nd2 Bxe2 23. Qxe2 Nxd2 24. Qxd2 Na5 25. Qa2 Nc4 26. Rfd1 Ra8 27. Qc2 Rf7 28.
Qe2 Qa5 29. Qe1 Qxe1+ 30. Rxe1 h5 31. g3 g5 32. Kg2 Ra2 33. Nc3 Rc2 34. Rbc1
Nxe3+ 35. Rxe3 Rxc1 36. Ne2 Rc6 37. Ng1 f4 38. Re5 Rg7 39. Nh3 f3+ 40. Kh1 Rc1+
41. Ng1 Rb7 42. h3 Rbb1 43. Rxg5+ Kf7 0-1

[Event "AUTO-ADV-566"]
[Site "http://www.queenalice.com/game.php?id=241515"]
[Date "2007.7.17"]
[Round "1"]
[White "mvj01"]
[Black "bruno_borges"]
[Result "0-1"]
[WhiteElo "1640"]
[BlackElo "1962"]

1. d4 Nf6 2. Nc3 d5 3. Nf3 g6 4. Bf4 Bg7 5. e3 O-O 6. Bd3 Nbd7 7. Nb5 c6 8. Nc7
Rb8 9. c4 Nh5 10. Nxd5 cxd5 11. Bxb8 Nxb8 12. Qb3 dxc4 13. Bxc4 Nc6 14. O-O Na5
15. Qb4 Nxc4 16. Qxc4 Qd6 17. Rad1 b5 18. Qc3 Ba6 19. Rfe1 Rc8 20. Qd2 Nf6 21.
e4 Qd7 22. e5 Nd5 23. Qa5 Bb7 24. Qxa7 Ra8 25. Qc5 Rxa2 26. Ra1 Rxb2 27. Ng5 Qg4
28. Ra7 Nf4 29. g3 Qxg5 30. Rxb7 Nh3+ 31. Kh1 Nxf2+ 32. Kg1 Qd2 33. Rb8+ Bf8 34.
Rxf8+ Kxf8 35. Qc8+ Kg7 36. Rf1 Nh3+ 37. Qxh3 Qxd4+ 38. Kh1 Qxe5 0-1

[Event "AUTO-ADV-566"]
[Site "http://www.queenalice.com/game.php?id=241516"]
[Date "2007.7.17"]
[Round "1"]
[White "bruno_borges"]
[Black "mvj01"]
[Result "1-0"]
[WhiteElo "2007"]
[BlackElo "1642"]

1. e4 Nc6 2. Nf3 e6 3. d4 d5 4. e5 Nge7 5. Bb5 Bd7 6. Bg5 h6 7. Bh4 g5 8. Bg3
Nf5 9. c3 h5 10. h3 Bh6 11. Nbd2 Qe7 12. Qe2 O-O-O 13. Nb3 h4 14. Bh2 Rdg8 15.
g4 Ng7 16. Nc5 b6 17. Nxd7 Qxd7 18. a4 Ne8 19. b4 Bf8 20. a5 Kb8 21. axb6 cxb6
22. Qa2 Qb7 23. Bxc6 Qc7 24. b5 Be7 25. O-O Bc5 26. dxc5 bxc5 27. Qa5 Qxa5 28.
Rxa5 Nc7 29. Rfa1 Kc8 30. Rxa7 Kd8 31. b6 Ne8 32. Rd7+ 1-0

[Event "AUTO-ADV-566"]
[Site "http://www.queenalice.com/game.php?id=241517"]
[Date "2007.7.17"]
[Round "1"]
[White "mvj01"]
[Black "andrevillares"]
[Result "0-1"]
[WhiteElo "1623"]
[BlackElo "2005"]

1. d4 Nf6 2. Nc3 d5 3. Bf4 Bf5 4. Nf3 e6 5. e3 Bb4 6. Bd3 Ne4 7. Bxe4 Bxe4 8.
O-O Bg6 9. Ne5 Nd7 10. Nxg6 hxg6 11. Nb5 Ba5 12. b4 Bb6 13. Qg4 a6 14. Nc3 Nf6
15. Qg3 Qe7 16. Rfb1 O-O-O 17. a4 Nh5 18. Qf3 Nxf4 19. Qxf4 Rh4 20. Qg3 Rdh8 21.
h3 c6 22. b5 Bc7 23. Qf3 g5 24. Kf1 g4 25. hxg4 R8h6 26. g3 Rh2 27. Ke1 Rf6 28.
Qe2 Bxg3 29. bxa6 Rfxf2 30. axb7+ Kb8 31. a5 Rxe2+ 32. Kd1 Re1# 0-1

[Event "AUTO-ADV-566"]
[Site "http://www.queenalice.com/game.php?id=241518"]
[Date "2007.7.17"]
[Round "1"]
[White "andrevillares"]
[Black "mvj01"]
[Result "1-0"]
[WhiteElo "1973"]
[BlackElo "1637"]

1. d4 Nc6 2. d5 Ne5 3. e4 Nf6 4. Nc3 d6 5. f4 Ng6 6. Bd3 Bg4 7. Nf3 e5 8. O-O
Nh5 9. fxe5 dxe5 10. h3 Bd7 11. Nxe5 Qh4 12. Nxd7 Kxd7 13. Rxf7+ Ke8 14. Rxc7 a6
15. Qf3 Be7 16. d6 Rf8 17. Rxe7+ Kd8 18. Rf7 Rxf7 19. Qxf7 Rc8 20. Be3 Rc6 21.
Nd5 Nf6 22. Qxb7 Nxd5 23. exd5 Rxd6 24. Bb6+ Ke8 25. Qc8+ Ke7 26. Bc5 1-0

[Event "Brazil Open"]
[Site "http://www.queenalice.com/game.php?id=258948"]
[Date "2007.8.21"]
[Round "4"]
[White "clauberfm"]
[Black "mvj01"]
[Result "1-0"]
[WhiteElo "2142"]
[BlackElo "1621"]

1. Nf3 Nc6 2. d4 d5 3. Bf4 Nf6 4. e3 Bf5 5. Bb5 e6 6. Ne5 Bd6 7. Nxc6 bxc6 8.
Bxc6+ Ke7 9. Bxd6+ cxd6 10. Bxa8 Qxa8 11. Nc3 Rb8 12. Rb1 Qc6 13. O-O Ne4 14.
Nxe4 Bxe4 15. b3 Rc8 16. Rc1 Qc3 17. Qe2 Rc7 18. f3 Bg6 19. Qe1 Qb2 20. Qa5 Rc3
21. Qxa7+ Kf6 22. e4 dxe4 23. fxe4+ Kg5 24. Qe7+ f6 25. Qxg7 f5 26. exf5 exf5
27. h4+ Kxh4 28. Qh6+ Kg4 29. Rf4+ 1-0

[Event "desafio"]
[Site "http://www.queenalice.com/game.php?id=281493"]
[Date "2007.10.5"]
[Round "-"]
[White "mvj01"]
[Black "Pero_Motta"]
[Result "0-1"]
[WhiteElo "1613"]
[BlackElo "2160"]

1. d4 Nf6 2. Nf3 e6 3. Bf4 b6 4. Nc3 Bb7 5. g3 Bb4 6. Bd2 O-O 7. Bg2 Nc6 8. a3
Bxc3 9. Bxc3 Ne4 10. Bb4 Nxb4 11. axb4 a6 12. O-O d6 13. e3 Qf6 14. c4 Rab8 15.
Qc2 Qh6 16. Nh4 f5 17. Rad1 g5 18. Nf3 Rf7 19. c5 g4 20. Nh4 Bd5 21. Bxe4 Bxe4
22. Qa4 bxc5 23. bxc5 Rxb2 24. Qxa6 Qf8 25. Qa3 Qb8 26. Ra1 Bd5 27. h3 gxh3 28.
Kh2 Rg7 29. Kxh3 dxc5 30. Qxc5 c6 31. f4 Kh8 32. Ra6 Rxg3+ 33. Kxg3 Qg8+ 0-1

[Event "Brazil Open"]
[Site "http://www.queenalice.com/game.php?id=296634"]
[Date "2007.11.1"]
[Round "5"]
[White "mvj01"]
[Black "csparrow"]
[Result "0-1"]
[WhiteElo "1615"]
[BlackElo "2418"]

1. d4 Nf6 2. Nc3 d5 3. Nf3 g6 4. Bf4 Bg7 5. e3 O-O 6. Bd3 c5 7. O-O cxd4 8. Nxd4
Nc6 9. Nf3 a6 10. Ne2 Nh5 11. Bg5 h6 12. Bf4 e5 13. Bg3 e4 14. Bxe4 dxe4 15. Nd2
Bg4 16. c3 Nxg3 17. fxg3 Qb6 18. Nc4 Qc5 19. b3 b5 20. Nd2 Qxe3+ 0-1